000 00659nam a22002417a 4500
003 BUBTL
008 230319b ||||| |||| 00| 0 eng d
020 _a9848272224
041 _aEnglish
050 _a
082 _a347.73/ Is41l/ 2006
100 _92421
_aIslam, Mahmudul
245 _aThe Law of Civil Procedure (Vol-1)/
_bMahmudul Islam, Probir Neogi
250 _a1st edn.
260 _aDhaka
_bMullick Brothers
_cc2006
300 _a[xl], 972p. :
_b22 cm.
526 _aLaw
650 0 _926
_aLaw
700 _92421
_aIslam, Mahmudul
856 _k0
_l0
_yDownload
942 _2ddc
_cBK
999 _c6988
_d6988